000 00862nam a22002537a 4500
003 CHAP
005 20220329140903.0
008 971013s r 10010 d
010 _a59321
011 _a60293
035 _a64453
040 _cCHAP
111 0 0 _aWorld Congress on Medicinal and Aromatic Plants for Human Welfare (
_n1
_d: 1992
_c: Maastricht, Netherlands)
_9122704
245 _aPharmacology, phytotherapy. human welfare. regional aspects
490 _aActa Horticulturae
_v; 332
590 _aBATCH-UPD
_b10
_c20130110
_lUCH01
_h0144
590 _aBATCH-UPD
_b10
_c20130110
_lUCH01
_h1231
590 _aCONVERSION
_b10
_c20130109
_lUCH01
_h1332
830 0 _aActa Horticulturae
_v; 332
_9739
852 2 _yISSUE
_d2012-12-17
_503
901 _aBK
942 _cISSUE
949 _bBC
_cPS
_d-140276
_ePS
_i64453
_si
999 _c59321
_d59321